Statistics for Fictional Characters with Hollywood Walk of Fame Stars

Click here to take the quiz!

General Stats

  • This quiz has been taken 294 times
    (159 since last reset)
  • The average score is 6 of 19

Answer Stats

StarYearCompanyCharacter% Correct
Television2002DisneyKermit the Frog
79%
Motion Picture1978DisneyMickey Mouse
78%
Television1994Sesame WorkshopBig Bird
73%
Motion Picture2015Peanuts WorldwideSnoopy
57%
Motion Picture1985Warner Bros.Bugs Bunny
51%
Motion Picture2004DisneyDonald Duck
42%
Motion Picture2010DreamWorks AnimationShrek
42%
Motion Picture1987DisneySnow White
42%
Television2001NickelodeonRugrats
17%
Television200020th Century FoxThe Simpsons
16%
Motion Picture2004TohoGodzilla
15%
Motion Picture2012The Muppets StudioThe Muppets
11%
Motion Picture2010DisneyTinker Bell
9%
Motion Picture1960MGMLassie
8%
Motion Picture1990UniversalWoody Woodpecker
8%
Motion Picture1960Warner Bros. / Mascot PicturesRin Tin Tin
7%
Motion Picture2006DisneyWinnie the Pooh
7%
Motion Picture2007Turner EntertainmentThe Munchkins
5%
Motion Picture1960Strongheart
2%

Score Distribution

Percentile by Number Answered

Percent of People with Each Score

Your Score History

You have not taken this quiz since the last reset